Foreign-Born Population: California Quiz Stats

Quiz Updated Feb 4, 2015

Challenge
Share
Tweet
Embed
Score 0/20 Timer 05:00
2 Plays Today
Rank Country of Origin % Correct
1Mexico
99.1%
3China (including HK & Taiwan)
96.3%
12Japan
93.4%
10Canada
92.7%
11United Kingdom
85.8%
18Russia
84.3%
8India
83.2%
13Germany
78.9%
6Korea (South & North)
77.3%
4Vietnam
70.6%
Rank Country of Origin % Correct
2Philippines
60.1%
7Guatemala
59.5%
16Thailand
59%
9Iran
56.5%
5El Salvador
52.3%
14Laos
49.4%
15Nicaragua
48.2%
19Cambodia
47.8%
20Peru
47.2%
17Armenia
12.3%

You're not logged in!

Compare scores with friends on all Sporcle quizzes.
Sign Up with Email
OR
Log In

You Might Also Like...

Show Comments

Extras

Top Quizzes Today


Score Distribution

Your Account Isn't Verified!

In order to create a playlist on Sporcle, you need to verify the email address you used during registration. Go to your Sporcle Settings to finish the process.

Report this User

Report this user for behavior that violates our Community Guidelines.

Details: